| 000 | 01154nam a2200217Ia 4500 | ||
|---|---|---|---|
| 003 | Ost | ||
| 005 | 20260507075759.0 | ||
| 008 | 260507s9999||||xx |||||||||||||| ||und|| | ||
| 020 | _a9789969537529 | ||
| 040 | _cfsecg | ||
| 041 | _aara | ||
| 082 | _a332.46 | ||
| 100 |
_aبورديم، فاطمة الزهراء _eمؤلف |
||
| 245 | 0 |
_aعرض النقود في ظل السياسة النقدية / _c فاطمة الزهراء بورديم |
|
| 260 |
_aالجزائر: _bدار إيلياء للنشر والتوزيع, _c2024 |
||
| 300 |
_a119 صفحة؛ _bإيضاحات ؛ _c24 سم |
||
| 504 | _aمراجع ص. 109 - 119 | ||
| 520 | _aيتحدث الكتاب حول الجهاز المصرفي و عملية خلق النقود، البنوك الكركزية و البنوك التجارية، نظريات عرض النقود و الطلب عليه : النظرية الكمية، النظرية النقدية في التحليلي الكينزي، النظرية النقدية الكمية الحديثة. و نظريات النمو الاقتصادي و التضخم | ||
| 653 | _aالسياسة النقدية | ||
| 942 | _cكتاب | ||
| 999 |
_c46260 _d46260 |
||